| 000 | 01813cam a2200409 a 4500 | ||
|---|---|---|---|
| 001 | 1215889 | ||
| 003 | NUST | ||
| 005 | 20210901113050.0 | ||
| 008 | 990317s1995 su b b 000 0 eng | ||
| 010 |
_a 99184915 _z 95966148 |
||
| 038 | _aArshad | ||
| 040 |
_aDLC _cDLC |
||
| 041 | 1 |
_aeng _hara |
|
| 043 | _aa-su--- | ||
| 050 | 0 | 0 |
_aBP75.2 _b.M8213 1995 |
| 082 |
_a297.63 _bMUB |
||
| 100 | 1 |
_aMubārakfūrī, Ṣafī al-Raḥmān. _96564 |
|
| 240 | 1 | 0 |
_aRaḥīq al-makhtūm. _lurdu |
| 245 | 1 | 3 |
_aal-Raḥīq al-makhtūm : _bbaḥth fī al-sīrah al-Nabawīyah, ʻalá ṣaḥibihā afḍal al-ṣalāh wa-al-salām / _cṢafī al-Raḥmān al-Mubārakfūrī = Ar-Raheeq al-mak̲h̲tūm (the sealed nectar) : biography of the noble Prophet / Safi-ur-Rahman al-Mubarakpuri. |
| 246 | 3 | 1 | _aAr-Raheeq al-mak̲h̲tūm |
| 246 | 3 | 1 | _aSealed nectar |
| 250 | _a1st ed. | ||
| 260 |
_aRiyadh, Saudi Arabia ; _aElmhurst Queen, NY : _bMaktaba Dar-us-Salam, _c1995. |
||
| 300 |
_a503 p. : _bmaps ; _c25 cm. |
||
| 500 | _aIncludes brief citations from the Koran. | ||
| 500 | _a"This book was awarded first prize by the Muslim World League at world-wide competition on the biography of the Prophet held at Makkah al-Mukarramah in 1399 H/1979." | ||
| 504 | _aIncludes bibliographical references. | ||
| 563 | _aHBK | ||
| 600 | 0 | 0 |
_aMuḥammad, _cProphet, _d-632. _96565 |
| 650 | 0 |
_aMuslims _zSaudi Arabia _vBiography. _96566 |
|
| 880 |
_6100-01\(3\r _aصفی الرحمٰن مبارک پوری |
||
| 880 |
_6245-02\(3\r _aالرحیق المختوم _cصفی الرحمٰن مبارک پوری |
||
| 880 |
_6260-03\(3\r _aلاہور: _bالمکتبہ السلفیہ، _c1995 |
||
| 906 |
_a7 _bcbc _corignew _d3 _encip _f19 _gy-gencatlg |
||
| 942 |
_2ddc _cBK |
||
| 999 |
_c332224 _d332224 |
||